Catálogo

Presupuesto basado en resultados / (Registro nro. 59591)

Detalles MARC
000 -LEADER
fixed length control field 01081cam a2200277 i 4500
001 - CONTROL NUMBER
control field 59591
003 - CONTROL NUMBER IDENTIFIER
control field Mx-PuUPA
005 - DATE AND TIME OF LATEST TRANSACTION
control field 20230130105845.0
008 - FIXED-LENGTH DATA ELEMENTS--GENERAL INFORMATION
fixed length control field 140415s2010 mx ad gr 000 0 spa d
020 ## - INTERNATIONAL STANDARD BOOK NUMBER
International Standard Book Number 9786079553906
040 ## - CATALOGING SOURCE
Original cataloging agency Mx-PuUPA
Language of cataloging spa
Transcribing agency Mx-PuUPA
Modifying agency Mx-PuUPA
Description conventions rda
041 0# - LANGUAGE CODE
Language code of text/sound track or separate title spa
100 1# - MAIN ENTRY--PERSONAL NAME
Personal name Abedrop, Enrique,
Relator term autor
245 10 - TITLE STATEMENT
Title Presupuesto basado en resultados /
Statement of responsibility, etc. Enrique Abedrop
246 15 - VARYING FORM OF TITLE
Title proper/short title Presupuesto basado en resultados :
Remainder of title ¿por qué en México gastamos sin obtener resultados?.
264 #1 - PRODUCTION, PUBLICATION, DISTRIBUTION, MANUFACTURE, AND COPYRIGHT NOTICE
Place of production, publication, distribution, manufacture San Andrés Cholula, Puebla :
Name of producer, publisher, distributor, manufacturer Grupo Editorial y de Investigación Polaris, S.A. de C.V.
Date of production, publication, distribution, manufacture, or copyright notice ©2010
300 ## - PHYSICAL DESCRIPTION
Extent 347 páginas :
Other physical details ilustraciones, gráficas, tablas ;
Dimensions 22 cm
336 ## - CONTENT TYPE
Fuente rdacontent
Content type term texto
Content type code txt
337 ## - MEDIA TYPE
Source rdamedia
Media type term sin medio
Media type code n
338 ## - CARRIER TYPE
Source rdacarrier
Carrier type term volumen
Carrier type code nc
500 ## - GENERAL NOTE
General note Necesitamos aprender a no dejar nada al azar para alcanzar objetivos.-- Cubierta.
650 #7 - SUBJECT ADDED ENTRY--TOPICAL TERM
Topical term or geographic name entry element Presupuesto
General subdivision Presupuesto de capital
Source of heading or term armarc
942 ## - ADDED ENTRY ELEMENTS (KOHA)
Source of classification or shelving scheme Dewey Decimal Classification
Koha item type Libro
Classification part 658.154
Item part A138
Existencias
Withdrawn status Lost status Source of classification or shelving scheme Damaged status Not for loan Home library Current library Shelving location Date acquired Source of acquisition Total Checkouts Full call number Barcode Price effective from Koha item type Collection code Date last seen Date last checked out
  Extraviado Dewey Decimal Classification     Biblioteca Karol Wojtyla Biblioteca Karol Wojtyla   03/12/2013 Compra   658.154 ABE 2010 89988 23/07/2014 Libro      
    Dewey Decimal Classification     Biblioteca Karol Wojtyla Biblioteca Karol Wojtyla Sala general 03/12/2013 Compra 1 658.154 A138 2010 87718 03/12/2013 Libro General 05/01/2026 30/03/2019